000 00354nam a2200145Ia 4500
005 20251222152006.0
008 251222s9999||||xx |||||||||||||| ||spa||
020 _a8434101157
082 _a636.932.2/B24
100 _aBaro Shakery, Eduardo
245 0 _aApuntes de Cunicultura
250 _a1ra.ed.
264 _bMinisterio Agricultura
942 _cLIB
999 _c24736
_d24736